01035naa#a2200193#i#4500001001500000005001700015011001400032100004100046101000800087102000700095200024600102210028000348215001000628608004500638675003400683700005800717700005200775856001400827RU\\bibl\4003620260501164613.5##a2541-822X##a20210320b2021####ek#y0rusy0150####ca0#aRUS##aRU1#aПРОФИЛАКТИКА ЭМОЦИОНАЛЬНОГО ВЫГОРАНИЯ ПЕДАГОГОВ ДОШКОЛЬНОГО ОБРАЗОВАНИЯ: ПУТЬ К ПРОФЕССИОНАЛЬНОМУ ДОЛГОЛЕТИЮeЖурнальная статья1#aЧебоксарыcНегосударственное образовательное частное учреждение дополнительного профессионального образования «Экспертно-методический центр»d2021##a8 с.##aЖурнальная статья2local##aПсихология. 15zRUS#1aМаксименкоgЕлена Васильевна#1aСёминаgМарина Викторовна4#azh-szf.ru